| 000 | 01054nac a22003257a 4500 | ||
|---|---|---|---|
| 001 | BR0100297 | ||
| 003 | BR-BrBNA | ||
| 005 | 20240105122506.0 | ||
| 008 | 230509b bl.|||m| |||| 00| 0 por d | ||
| 040 |
_aBR-BrBNA _bpor _cBiblioteca Nacional de Agricultura |
||
| 072 | _aF60 | ||
| 090 | _a2790 BR0100297 | ||
| 100 | 1 | _aCosta, M.R. | |
| 100 | 1 | _aLameira, O.A. | |
| 100 | 1 | _aSousa, C. do S.M. de | |
| 110 | 1 | _aEMBRAPA Amazonia Oriental, Belem, PA (Brasil) | |
| 245 | 1 | _aDefinicao de protocolo para eletroforese de isoenzimas de ipecacuanha (Psychotria ipecacuanha Stokes)em gel de poliacrilamida | |
| 260 | 3 |
_aBelem, PA (Brasil): _c1999. |
|
| 300 | _a3 p. | ||
| 490 |
_aPesquisa em Andamento - EMBRAPA Amazonia Oriental (Brazil) _vno. 9 _xISSN 1517-2252 |
||
| 500 | _a5 ref. | ||
| 650 | _aIpecacuanha | ||
| 650 | _aGermoplasma | ||
| 650 | _aEletroforese | ||
| 650 | _aIsoenzima | ||
| 650 | _aMelhoramento Genetico Vegetal | ||
| 650 | _aPlanta Medicinal | ||
| 909 |
_a202312 _bLúcia Elande _c55 _dLúcia Elande |
||
| 942 |
_2AGRIS _n0 _cMS |
||
| 999 |
_c291312 _d291312 |
||